Statistics for 十二イマーム派の歴代イマーム

Click here to take the quiz!

General Stats

  • This quiz has been taken 2 times
  • The average score is 3 of 12

Answer Stats

Answer% Correct
1アリー
100%
2ハサン
50%
3フサイン
50%
12(隠れイマーム)ムハンマド・ムンタザル
50%
4アリー・ザイヌルアービディーン
0%
5ムハンマド・バーキル
0%
6ジャアファル・サーディク
0%
7ムーサー・カーズィム
0%
8アリー・リダー
0%
9ムハンマド・タキー
0%
10アリー・ハーディー
0%
11ハサン・アスカリー
0%

Score Distribution

Percentile by Number Answered

Percent of People with Each Score

Your Score History

You have not taken this quiz